Castles in UK by Images - Statistics

General Stats
  • This quiz has been taken 48 times
  • The average score is 6 of 16
Answer Stats
Picture Answer % Correct
Edinburgh
83%
Conwy
63%
Dover
56%
Leeds
51%
Bamburgh
49%
Lincoln
41%
Warwick
39%
Stirling
37%
Bodiam
34%
Caernarfon
34%
Glamis
29%
Lindisfarne
27%
Alnwick
24%
Carlisle
24%
Lancaster
15%
Durham
10%
No matching quizzes found
Score Distribution
Percent of People with Each Score
Percentile by Number Answered
Your Score History
You have not taken this quiz